Guess the Fusion Rock Song Lyrics #274 - Statistics

General Stats
  • This quiz has been taken 10 times
  • The average score is 157 of 202
Answer Stats
Answer % Correct
a
100%
all
100%
and
100%
And
100%
get
100%
he
100%
I
100%
I'll
100%
in
100%
know
100%
long
100%
love
100%
oh
100%
Oh
100%
so
100%
the
100%
to
100%
what
100%
you
100%
could
89%
for
89%
if
89%
let
89%
me
89%
my
89%
night
89%
of
89%
on
89%
our
89%
show
89%
Show
89%
arms
78%
days
78%
cause
67%
is
67%
lover
67%
There's
67%
wanna
67%
feelin
56%
good
56%
Loggins and Messina
56%
try
56%
bring
44%
fly
44%
his
44%
home
44%
rock
44%
sing
44%
Sing
44%
brings
33%
peaceful
33%
sings
33%
song
33%
Summer
33%
willow
33%
Flies
22%
high
22%
moon
22%
wings
22%
wood
22%
wren
22%
ablaze
11%
bright
11%
fiery
11%
lights
11%
Northern
11%
Seemed
11%
Silver
11%
skies
11%
sky
11%
thunder
11%
trail
11%
lullabye
0%
No matching quizzes found
Score Distribution
Percent of People with Each Score
Percentile by Number Answered
Your Score History
You have not taken this quiz